Erfolgreichste Filmreihen - Statistiken

Allgemein
  • Dieses Quiz wurde 170 mal gespielt
  • Das Durchschnittsergebnis liegt bei 8 aus 20
Antwortstatistiken
Rang Einspielergebnis Anzahl
Filme
Antwort % Korrekt
3 9.621.260.965 11 J. K. Rowlings magische Welt
87%
2 10.377.427.609 12 Star Wars
84%
9 5.912.650.527 6 Peter Jacksons Mittelerde-Hexalogie
78%
1 32.486.020.860 37 Marvel Cinematic Universe
74%
7 6.475.126.956 26 James Bond
65%
5 7.189.596.102 15 DC Extended Universe
56%
4 7.326.175.027 11 Fast & Furious
46%
6 6.937.954.007 7 Jurassic Park
38%
13 4.522.015.828 5 Pirates of the Caribbean
38%
12 4.728.268.742 7 Mission: Impossible
33%
20 2.508.984.862 3 Sam Raimies Spider-Man-Trilogie
30%
17 3.259.394.882 5 Toy Story
28%
16 3.310.479.235 5 Die Tribute von Panem
26%
11 5.416.903.150 8 Transformers
23%
18 3.222.862.279 5 Ice Age
19%
10 5.616.205.362 6 Ich - Einfach unverbesserlich
18%
8 6.079.456.997 13 X-Men
18%
15 3.359.900.753 5 Twilight
17%
14 4.019.145.611 6 Shrek
16%
19 2.520.095.129 5 MonsterVerse
12%
Keine übereinstimmenden Quizze gefunden
Verteilung der Resultate
Anzahl Personen mit jedem Resultat
Perzentil nach korrekt beantworteten Fragen
Ihre Resultats-Entwicklung
Sie haben dieses Quiz noch nicht gespielt